Моделирование парожидкостного равновесия в системе "изобутилен-н-бутан-метанол-МТБЭ; Нефтепереработка и нефтехимия; № 8

Dades bibliogràfiques
Parent link:Нефтепереработка и нефтехимия: научно-технические достижения и передовой опыт/ Центральный научно-исследовательский институт информации и технико-экономических исследований нефтеперерабатывающей и нефтехимической промышленности (ЦНИИТЭнефтехим).— , 1963-.— 0233-5727
№ 8.— 2009.— С. 11-14, 42-43
Autor principal: Кравцов А. В. Анатолий Васильевич
Altres autors: Самборская М. А. Марина Анатольевна, Деньгина О. Е.
Sumari:В данной работе представлен анализ парожидкостного равновесия системы "изобутилен-н-бутен-метанол-метилтретбутиловый эфир-МТБЭ". С использованием расчетной среды HYSYS выполнено исследование влияния концентрации компонентов и температуры на коэффициенты активности. На основе полученных закономерностей получены эмпирические функциональные зависимости коэффициентов активности от температуры и концентраций, которые могут быть использованы в алгоритмах управления, основанных на модели, для совмещенного реакционно-ректификационного процесса синтеза МТБЭ
Idioma:rus
Publicat: 2009
Matèries:
Format: Capítol de llibre
KOHA link:https://koha.lib.tpu.ru/cgi-bin/koha/opac-detail.pl?biblionumber=467841

MARC

LEADER 00000naa2a2200000 4500
001 467841
005 20231220102233.0
035 |a (RuTPU)RU\TPU\prd\132834 
035 |a RU\TPU\prd\132832 
090 |a 467841 
100 |a 20120216a2009 k y0rusy50 ca 
101 0 |a rus 
102 |a RU 
200 1 |a Моделирование парожидкостного равновесия в системе "изобутилен-н-бутан-метанол-МТБЭ  |f А. В. Кравцов, М. А. Самборская, О. Е. Деньгина 
320 |a Библиогр.: 8 назв. 
330 |a В данной работе представлен анализ парожидкостного равновесия системы "изобутилен-н-бутен-метанол-метилтретбутиловый эфир-МТБЭ". С использованием расчетной среды HYSYS выполнено исследование влияния концентрации компонентов и температуры на коэффициенты активности. На основе полученных закономерностей получены эмпирические функциональные зависимости коэффициентов активности от температуры и концентраций, которые могут быть использованы в алгоритмах управления, основанных на модели, для совмещенного реакционно-ректификационного процесса синтеза МТБЭ 
461 0 |0 (RuTPU)RU\TPU\prd\277  |x 0233-5727  |t Нефтепереработка и нефтехимия  |o научно-технические достижения и передовой опыт  |o информационный сборник  |f Центральный научно-исследовательский институт информации и технико-экономических исследований нефтеперерабатывающей и нефтехимической промышленности (ЦНИИТЭнефтехим)  |d 1963- 
463 1 |0 (RuTPU)RU\TPU\prd\70989  |t № 8  |v С. 11-14, 42-43  |d 2009 
610 1 |a труды учёных ТПУ 
700 1 |a Кравцов  |b А. В.  |c химик-технолог  |c профессор-консультант Томского политехнического университета, доктор технических наук  |f 1938-  |g Анатолий Васильевич  |3 (RuTPU)RU\TPU\pers\19827 
701 1 |a Самборская  |b М. А.  |c химик-технолог  |c доцент Томского политехнического университета, кандидат химических наук  |f 1960-  |g Марина Анатольевна  |3 (RuTPU)RU\TPU\pers\24967  |9 11121 
701 1 |a Деньгина  |b О. Е. 
801 1 |a RU  |b 63413507  |c 20120215 
801 2 |a RU  |b 63413507  |c 20120831  |g RCR 
942 |c BK